000 00442nam a2200145 i 4500
001 76990
003 ES-MaACL
007 t|
008 041006q19001999fr ||||1| fre d
100 1 _aGuy, Raphael.
_961260
245 1 2 _aL'architecture moderne de stile arabe
_b: premiere serie /
_cRaphael Guy.
260 _a[S.l. :
_bs.n.,
_c19--?] (
_eGenève :
_fSavas)
300 _a16 p., 16 lám. ;
_c50 x 38 cm.
852 _aES-MaACL
_jB-7730
_bR.4558
999 _c76990
_d76990